000
00310nam a2200133Ia 4500
008
240624s9999 xx 000 0 und d
041
_a
eng
082
_a
303.49 TOF
100
_a
TOFFLER ALVIN
245
_a
FUTURE SHOCK
260
_c
1990
_a
New York
_b
Bantam Books
300
_a
561 : p. : cm. ; 18
365
_c
999
_c
3580
_d
3580